000 00650nam a2200229 a 4500
001 BRCA_5817
005 20190320205227.0
008 100311s194u----fr-a######---#000-0#fre-#
041 _afre
044 _afr
050 4 _aND813.V4
_b.R68 1940
100 1 _aRouchès, Gabriel
_99359
245 1 0 _aVelázquez
_cGabriel Rouchès.
260 _aParís
_bBraun
_c[194?]
300 _a1 v. (sin paginación)
_bil., 60 láminas
_c16 cm.
440 0 _aCollection ´Les Maitres´
_914734
500 _aG27
600 1 4 _aVelázquez, Diego Rogríguez de Silva y
_d1599-1660
_914735
650 1 4 _aPintores españoles
_97620
902 _aGFM
942 _2lcc
_cB
999 _c5506
_d5506